Indiana Jones Villains by Death Description - Statistics

General Stats
  • This quiz has been taken 23 times
  • The average score is 8 of 17
Answer Stats
Hint Extra Hint Explanation Answer % Correct

She got to know Irina Spalko

67%

Drank from the wrong grail Walter Donovan

67%

Face melted after looking into the ark Toht

53%

Shot by Indy Arab Swordsman

53%

Car pushed off a cliff Major Gobler

53%

Eaten by ants Antonin Dovchenko

53%

Head shrunk after looking into the ark Col. Dietrich

53%

She didn't let it go Elsa Schneider

47%

Boat exploded Panama Hat

47%

Head sliced up by a plane German Mechanic

47%

Grabbed the Sankara Stone and fell Mola Ram

47%

Forgot about the sunlight trap Satipo

47%

Tank went off a cliff Ernst Vogel

40%

Plane crashed during the Siege of Syracuse Jürgen Voller

40%

Pancaked by a rock crusher Chief Guard

33%

Plane crashed during the Siege of Syracuse Klaber

27%

Head exploded after looking into the ark Belloq
27%
No matching quizzes found
Score Distribution
Percent of People with Each Score
Percentile by Number Answered
Your Score History
You have not taken this quiz